02469nam a2200337 a 4500001001200000003000800012006001900020007001500039008004100054010001700095020002900112020002700141040002100168035002100189050002400210082001900234100003000253245007900283260003500362300002400397504005100421505065400472520062301126533015201749650001201901650002201913650002401935655002901959710001701988856012602005ebr10521356CaPaEBRm u cr cn|||||||||110426s2012 njua sb 001 0 eng d z 2011012195 z9780470131176 (hardback) z9781118105849 (e-book) aCaPaEBRcCaPaEBR a(OCoLC)78413682914aTP363b.L229 2012eb04a660/.284262221 aLand, C. M. van't,d1937-10aDrying in the process industryh[electronic resource] /cC. M. van't Land. aHoboken, N.J. :bWiley,c2012. axii, 381 p. :bill. aIncludes bibliographical references and index.8 aMachine generated contents note: Preface.Acknowledgements.1.Introduction.2. Drying as Part of the Overall Process.3. Procedures for choosing a dryer.4. Convective drying.5. Continuous Fluid-Bed Drying.6. Continuous Direct-Heat Rotary Drying.7. Flash Drying.8. Spray Drying.9. Miscellaneous Continuous Convective Dryers and Convective Batch Dryers.10. Atmospheric contact dryers.11. Vacuum drying.12. Steam Drying.13. Radiation Drying.14. Product Quality and Safeguarding Drying.15. Continuous Moisture-Measurement Methods, Dryer Process Control, and Energy Recovery.16. Gas/Solid Separation Methods.17. Dryer Feeding Equipment.List of symbols.Index. a"This book assists the process development engineer, the process engineer, and the plant engineer in selecting drying equipment. The criteria to be observed are discussed. The procedure concerning the selection of an industrial dryer always starts with the gathering of results of relevant laboratory measurements. The next step is carrying out small-scale tests, the results of which can be scaled up. Procedures for sizing equipment are also covered. Written by an author with over four decades in the process industries, this book brings an extensively practical approach for the engineer"--cProvided by publisher. aElectronic reproduction.bPalo Alto, Calif. :cebrary,d2012.nAvailable via World Wide Web.nAccess may be limited to ebrary affiliated libraries. 0aDrying. 0aDrying apparatus. 0aChemical processes. 7aElectronic books.2local2 aebrary, Inc.40uhttp://site.ebrary.com/lib/rucke/Doc?id=10521356zAn electronic book accessible through the World Wide Web; click to view